La madre / (Registro nro. 4175)

Detalles MARC
000 -LEADER
fixed length control field 00612nam a2200193Ia 4500
003 - CONTROL NUMBER IDENTIFIER
control field OSt
005 - DATE AND TIME OF LATEST TRANSACTION
control field 20250410153450.0
008 - FIXED-LENGTH DATA ELEMENTS--GENERAL INFORMATION
fixed length control field 191128s1969 sp er 000 f spa d
040 ## - CATALOGING SOURCE
Original cataloging agency CO-JMCR
Transcribing agency CO-JMCR
041 ## - LANGUAGE CODE
Language code of text/sound track or separate title spa
082 04 - DEWEY DECIMAL CLASSIFICATION NUMBER
Classification number A-N
Item number BUCm
100 1# - MAIN ENTRY--PERSONAL NAME
Personal name Buck, Pearl S.
Dates associated with a name 1892-1973
Relator term autor
9 (RLIN) 6379
245 13 - TITLE STATEMENT
Title La madre /
Statement of responsibility, etc. Pearl S. Buck ; Traducción de Carlos Paytuví de Sierra
260 ## - PUBLICATION, DISTRIBUTION, ETC.
Place of publication, distribution, etc. Barcelona :
Name of publisher, distributor, etc. Círculo de lectores,
Date of publication, distribution, etc. 1969
300 ## - PHYSICAL DESCRIPTION
Extent 296 páginas ;
Dimensions 20 cm.
500 ## - GENERAL NOTE
General note Incluye datos biograficos del autor en las ultimas páginas
650 14 - SUBJECT ADDED ENTRY--TOPICAL TERM
Topical term or geographic name entry element Novela estadounidense
9 (RLIN) 6380
942 ## - ADDED ENTRY ELEMENTS (KOHA)
Source of classification or shelving scheme Dewey Decimal Classification
Koha item type Books
Existencias
Withdrawn status Lost status Source of classification or shelving scheme Damaged status Not for loan Collection code Home library Current library Date acquired Source of acquisition Cost, normal purchase price Total Checkouts Total Renewals Full call number Barcode Date last seen Date last checked out Copy number Koha item type
    Dewey Decimal Classification     Fiction Biblioteca Pública José María del Castillo y Rada Biblioteca Pública José María del Castillo y Rada 11/28/2019 Donación 0.00 3 2 A-N BUCm 201808998 05/29/2023 05/29/2023 Ej.1 Books